000
00292nam a22001217a 4500
020
_a
9788170358657
082
_a
658.4
_b
VIR/MI
100
_a
Virdi M.S.
_9
1058
245
_a
Micro- Enterprises in Agriculture
260
_a
New Delhi
_b
Daya Publishing House
_c
2014
300
_a
244
942
_c
BK
999
_c
14606
_d
14606